00790 2200193 4500245003900000020002200039250001100061100002100072700001100093650001500104650001700119005001900136260003000155041001400185084001100199300002200210500035500232336000900587 aSoul EatercArghi Asy-syi'rahText a978-602-420-086-2 aCet. 1 aArghi Asy-syi'ra aMoemoe aFantasteen aNovel Remaja a20240228142901 aBandungbDAR! Mizanc2016 aIndonesia a808.83 a176 hlm. :cilus. aDelapan sahabat berlibur ke sebuah tempat terpencil di balik gunung. Untuk mencapainya, perlu menelusuri hutan berlumpur dan deretan pohon pinus yang tinggi. Begitu sampai, sebuah rumah besar berdiri kokoh dan misterius. Liburan ini seharusnya menyenangkan. Mereka bsa membuat halaman depan rumah bersalju dan memasak apa pun yang ingin mereka makan. atext